<?xml version="1.0" encoding="UTF-8"?><?xml-stylesheet type="text/xsl" href="static/style.xsl"?><OAI-PMH xmlns="http://www.openarchives.org/OAI/2.0/" xmlns:xsi="http://www.w3.org/2001/XMLSchema-instance" xsi:schemaLocation="http://www.openarchives.org/OAI/2.0/ http://www.openarchives.org/OAI/2.0/OAI-PMH.xsd"><responseDate>2026-06-30T06:21:34Z</responseDate><request verb="GetRecord" identifier="oai:riubu.ubu.es:10259/6002" metadataPrefix="marc">https://riubu.ubu.es/oai/request</request><GetRecord><record><header><identifier>oai:riubu.ubu.es:10259/6002</identifier><datestamp>2021-11-02T12:23:54Z</datestamp><setSpec>com_10259.4_103</setSpec><setSpec>com_10259.4_1</setSpec><setSpec>com_10259_2604</setSpec><setSpec>col_10259_5853</setSpec></header><metadata><record xmlns="http://www.loc.gov/MARC21/slim" xmlns:doc="http://www.lyncode.com/xoai" xmlns:xsi="http://www.w3.org/2001/XMLSchema-instance" xmlns:dcterms="http://purl.org/dc/terms/" xsi:schemaLocation="http://www.loc.gov/MARC21/slim http://www.loc.gov/standards/marcxml/schema/MARC21slim.xsd">
<leader>00925njm 22002777a 4500</leader>
<datafield tag="042" ind1=" " ind2=" ">
<subfield code="a">dc</subfield>
</datafield>
<datafield tag="720" ind1=" " ind2=" ">
<subfield code="a">Sanz de la Higuera, Francisco J.</subfield>
<subfield code="e">author</subfield>
</datafield>
<datafield tag="260" ind1=" " ind2=" ">
<subfield code="c">2012</subfield>
</datafield>
<datafield tag="520" ind1=" " ind2=" ">
<subfield code="a">En la vivienda del deán de la Catedral de Burgos, su sobrino, mancebo y prohijado, don Manuel Francisco Pardo y Salamanca, regidor perpetuo en el Concejo burgalés, soltero, joven ardiente, dejó preñada a la doncella doña Juana Delgado, soltera, sevillana de origen, componente del servicio doméstico en dicho hogar. Fruto de su acceso carnal, nació un hijo, “natural”, que sufrió un cruel proceso de apartamiento, de alejamiento, de silenciamiento mordaz, hasta que el matrimonio de su progenitor le elevó a la categoría de rico heredero y, después, prohijado del arcediano de Burgos, don Diego de Lerma y Salamanca, tras el óbito de su padre biológico y su madastra adoptiva, doña Antolina Vigil de Quiñones, viuda, “enamorada” de la criatura “con faldas” que descubrió en el exilio madrileño en el que tenían al pobre vástago.</subfield>
</datafield>
<datafield tag="520" ind1=" " ind2=" ">
<subfield code="a">At home of the dean of Burgos Cathedral, his nephew, young man and adopted, sir Manuel Francisco Pardo y Salamanca, perpetual alderman of the Burgos Council, a single, passionate young man, made lady Juana Delgado pregnant, a single, girl from Seville, member of the domestic service of that household. As an offspring of their intercourse, a “natural” son was born, who suffered a cruel pro - cess of separation, alienation, bitter silencing, until the marriage of this father put him on the rank of wealthy heir and then adopted by the archdeacon of Burgos, sir Diego de Lerma y Salamanca, after his biological father and adoptive stepmother’s death, lady Antolina Vigil de Quiñones, widow, “in love” with the creature “in skirts” discovered in exile in Madrid where they had the poor scion.</subfield>
</datafield>
<datafield tag="024" ind2=" " ind1="8">
<subfield code="a">0211-8998</subfield>
</datafield>
<datafield tag="024" ind2=" " ind1="8">
<subfield code="a">http://hdl.handle.net/10259/6002</subfield>
</datafield>
<datafield ind1=" " ind2=" " tag="653">
<subfield code="a">Hijo natural</subfield>
</datafield>
<datafield ind1=" " ind2=" " tag="653">
<subfield code="a">Deán</subfield>
</datafield>
<datafield ind1=" " ind2=" " tag="653">
<subfield code="a">Prohijamiento</subfield>
</datafield>
<datafield ind1=" " ind2=" " tag="653">
<subfield code="a">Acceso carnal</subfield>
</datafield>
<datafield ind1=" " ind2=" " tag="653">
<subfield code="a">Doncella</subfield>
</datafield>
<datafield ind1=" " ind2=" " tag="653">
<subfield code="a">Natural son</subfield>
</datafield>
<datafield ind1=" " ind2=" " tag="653">
<subfield code="a">Dean</subfield>
</datafield>
<datafield ind1=" " ind2=" " tag="653">
<subfield code="a">Fathered</subfield>
</datafield>
<datafield ind1=" " ind2=" " tag="653">
<subfield code="a">Intercourse</subfield>
</datafield>
<datafield ind1=" " ind2=" " tag="653">
<subfield code="a">Lady</subfield>
</datafield>
<datafield tag="245" ind1="0" ind2="0">
<subfield code="a">Niñez problemática, herencia y prohijamiento en el Burgos del XVIII</subfield>
</datafield>
</record></metadata></record></GetRecord></OAI-PMH>